Apego y psicopatología materna : relación con el estilo de apego del bebé al año de vida (Record no. 154742)

MARC details
000 -CABECERA
campo de control de longitud fija 00639nab a2200217 a 4500
005 - FECHA Y HORA DE LA ÚLTIMA TRANSACCIÓN
campo de control 20210219161309.0
008 - ELEMENTOS DE LONGITUD FIJA--INFORMACIÓN GENERAL
campo de control de longitud fija 991125s1985 mx 000 0 spa u
035 ## - NÚMERO DE CONTROL DEL SISTEMA
Número de control de sistema UPN01000182639
100 1# - ASIENTO PRINCIPAL--NOMBRE PERSONAL
Nombre de persona Quezada, Vanetza
222 ## - TÍTULO CLAVE
Título clave REVISTA LATINOAMERICANA DE PSICOLOGIA
245 ## - MENCIÓN DE TÍTULO
Título Apego y psicopatología materna : relación con el estilo de apego del bebé al año de vida
260 ## - PUBLICACIÓN, DISTRIBUCIÓN, ETC.
Lugar de publicación, distribución, etc. Bogotá, Colombia
300 ## - DESCRIPCIÓN FÍSICA
Extensión 53-61
362 0# - FECHAS DE PUBLICACIÓN Y/O DESIGNACIÓN SECUENCIAL
Fecha de publicación y/o designación secuencial 2010 Vol. 42, no. 1
653 0# - TERMINO DE INDIZACION - NO CONTROLADO
Término no controlado APEGO MATERNO
653 0# - TERMINO DE INDIZACION - NO CONTROLADO
Término no controlado PSICOPATOLOGIA
653 0# - TERMINO DE INDIZACION - NO CONTROLADO
Término no controlado APEGO DEL BEBE
700 1# - ASIENTO SECUNDARIO--NOMBRE DE PERSONAL
Nombre de persona Santelices, María Pía,
700 1# - ASIENTO SECUNDARIO--NOMBRE DE PERSONAL
Término indicativo de función/relación coaut.
905 ## - TIPO DE MATERIAL
Tipo de material Articulo

No items available.